|
|
|
|
| LEADER |
00000nab a2200000 a 4500 |
| 001 |
vtls000274424 |
| 003 |
SK-MaSNL |
| 005 |
20260304062435.0 |
| 008 |
250422c1986 xo 0 slo |
| 015 |
|
|
|a SNBRB19rr/mm-uuuuu
|
| 035 |
|
|
|a CL0284538
|
| 035 |
|
|
|a urn:nbn:sk:snk-ab2my2
|
| 035 |
|
|
|a (urnnbn)urn:nbn:sk:snk:ar-a02nnm
|
| 035 |
|
|
|a (uuid)f77df220-61b5-4d65-b99c-be82e47955ac
|
| 040 |
|
|
|a SNKBUCL
|b slo
|c SNKBUCL
|e AACR2
|
| 041 |
0 |
|
|a slo
|
| 044 |
|
|
|a xo
|c SK
|
| 080 |
|
|
|a 069.53
|2 1981
|
| 100 |
1 |
|
|a Szabados, Ľudovít
|4 aut
|9 1073968
|
| 245 |
1 |
0 |
|a Muzejné expozície v záujmovom priezore n.p. Výstavníctvo Bratislava
|b Muzejná vitrína
|c Ľudovít Szabados
|
| 300 |
|
|
|b Obr.15.
|
| 650 |
0 |
7 |
|a vitríny múzejné
|2 snkbucl
|9 1347778
|
| 650 |
0 |
7 |
|a Výstavníctvo, n.p., Bratislava
|2 snkbucl
|9 1005154
|
| 655 |
|
7 |
|a články z novín a časopisov
|2 snkbucl
|9 267496
|
| 773 |
0 |
|
|t Múzeum
|g Roč. 31, č. 4 (1986), s. 35-40
|
| 850 |
|
|
|a Slovenská národná knižnica
|
| 852 |
|
|
|a Slovenská národná knižnica
|
| 954 |
|
|
|a odborná, vedecká literatúra pôvodná (slovenská)
|2 lita
|
| 957 |
|
|
|a 5100
|
| 958 |
|
|
|a article27
|
| 958 |
|
|
|a OND
|
| 958 |
|
|
|a EUIPO
|
| 992 |
|
|
|a RBX
|
| 999 |
|
|
|c 2738136
|d 2740066
|